000 00608nam a2200229Ia 4500
003 OSt
005 20220928112711.0
006 a|||||r|||| 00| 0
007 ta
008 220927b |||||||| |||| 00| 0 eng d
024 _a32393
037 _cTextual
040 _aSDCL
_cSDCL
_beng
041 _2eng
_aeng
082 _aS0bR4, N9
100 _aFrancis Ronald D
_9429328
245 0 _aEthics for psychologists
_b A hanbook.
260 _aLeicester
_bBPS Books
_c1999
300 _av,255p.
_ccm.
942 _hS0bR4, N9
_cTEXL
_2CC
999 _c745852
_d745852